[Event "Interclubs Adultes"]
[Site "BELFORT"]
[Date "16.??.??"]
[Round "9.6"]
[White "Ravot, Sylvain"]
[Black "Mohebbi, Jaffar"]
[Result "1-0"]
[WhiteElo "2241"]
[BlackElo "2257"]
[PlyCount "119"]
[EventDate "16.??.??"]
[WhiteTeam "Lyon Olympique Echecs"]
[BlackTeam "Gambsheim"]

1. e4 d6 2. d4 Nf6 3. Nc3 e5 4. Nf3 Nbd7 5. Bc4 Be7 6. a4 O-O 7. a5 c6 8. O-O
Nxe4 9. Nxe4 d5 10. Bb3 dxe4 11. Nxe5 Nxe5 12. dxe5 Qxd1 13. Rxd1 Bg4 14. Re1
Rfd8 15. Bf4 Bf5 16. c3 g5 17. Be3 Re8 18. e6 fxe6 19. Bc2 Red8 20. Ra4 Kf7 21.
Rc4 a6 22. Bxe4 Bf6 23. g4 Bxe4 24. Rxe4 Rd5 25. Bb6 Re8 26. R1e2 h6 27. Kg2
Re7 28. R4e3 Re8 29. Rf3 Kg6 30. c4 Rd1 31. Rb3 Rc1 32. Rb4 Re7 33. Bc5 Re8 34.
Be3 Ra1 35. Rxb7 Rxa5 36. Rb6 Rc8 37. Bd2 Ra4 38. Re4 Ra2 39. Rxe6 Kf7 40.
Rexc6 Rxc6 41. Rxc6 Bxb2 42. Rxh6 Bd4 43. Bxg5 Rxf2+ 44. Kg3 Ra2 45. h4 a5 46.
Kf3 a4 47. Ke4 Bg7 48. Ra6 a3 49. Ra7+ Kg8 50. Kf5 Bd4 51. Ra8+ Kf7 52. Ke4 Bg7
53. h5 Ra1 54. Ra7+ Ke6 55. Rxg7 a2 56. Rg6+ Kf7 57. Bf6 Rf1 58. Bg7 a1=Q 59.
Bxa1 Rxa1 60. c5 1-0

[Event "Interclubs Adultes"]
[Site "BELFORT"]
[Date "16.??.??"]
[Round "9.7"]
[White "Engelmann, Herve"]
[Black "Safranska, Anda"]
[Result "0-1"]
[WhiteElo "2067"]
[BlackElo "2299"]
[PlyCount "59"]
[EventDate "16.??.??"]
[WhiteTeam "Gambsheim"]
[BlackTeam "Lyon Olympique Echecs"]

1. e4 g6 2. d4 Bg7 3. Nf3 d6 4. Nc3 Nf6 5. Be2 O-O 6. O-O Nc6 7. h3 a6 8. Be3
e5 9. d5 Ne7 10. Nd2 Nd7 11. a4 f5 12. f3 Kh8 13. a5 Ng8 14. Na4 Bh6 15. Bxh6
Nxh6 16. c4 Nf6 17. b4 Nh5 18. Ra3 Qg5 19. Rf2 Ng8 20. Nc3 Nf4 21. Kh2 Nf6 22.
c5 N6h5 23. Nf1 Qh4 24. Kg1 fxe4 25. Nxe4 Bxh3 26. g3 Nxe2+ 27. Qxe2 Qe7 28.
cxd6 cxd6 29. Qc2 Nf6 30. Nfd2 0-1

[Event "Interclubs Adultes"]
[Site "BELFORT"]
[Date "16.??.??"]
[Round "9.8"]
[White "Mehiaoui, Dounia"]
[Black "Criqui, Laurence"]
[Result "1-0"]
[WhiteElo "1861"]
[BlackElo "1680"]
[PlyCount "41"]
[EventDate "16.??.??"]
[WhiteTeam "Lyon Olympique Echecs"]
[BlackTeam "Gambsheim"]

1. e4 e5 2. d4 exd4 3. Qxd4 Nc6 4. Qe3 Qf6 5. Nc3 Bb4 6. Bd2 Nge7 7. O-O-O O-O
8. Kb1 d6 9. Qg3 Bc5 10. f4 a6 11. Bd3 b5 12. e5 Qe6 13. b3 Nf5 14. Qf3 Nfd4
15. Qh5 g6 16. Qh6 d5 17. g4 Nb4 18. Be2 Nbxc2 19. Nf3 Nxe2 20. Ng5 Nxc3+ 21.
Bxc3 1-0

[Event "Interclubs Adultes"]
[Site "BELFORT"]
[Date "16.??.??"]
[Round "9.1"]
[White "Genov, Petar"]
[Black "Charnushevich, Aliaksei"]
[Result "1/2-1/2"]
[WhiteElo "2465"]
[BlackElo "2537"]
[PlyCount "23"]
[EventDate "16.??.??"]
[WhiteTeam "Mulhouse II"]
[BlackTeam "Besançon T.P.G."]

1. d4 Nf6 2. c4 e6 3. Nf3 Bb4+ 4. Bd2 Qe7 5. g3 Bxd2+ 6. Qxd2 d6 7. Bg2 e5 8.
Nc3 O-O 9. O-O Bg4 10. Ne1 exd4 11. Qxd4 Nc6 12. Qd2 1/2-1/2

[Event "Interclubs Adultes"]
[Site "BELFORT"]
[Date "16.??.??"]
[Round "9.2"]
[White "Crut, Aurelien"]
[Black "Riff, Vincent"]
[Result "1/2-1/2"]
[WhiteElo "2314"]
[BlackElo "2317"]
[PlyCount "22"]
[EventDate "16.??.??"]
[WhiteTeam "Besançon T.P.G."]
[BlackTeam "Mulhouse II"]

1. e4 c5 2. Nf3 Nc6 3. Bb5 Nf6 4. Nc3 Qc7 5. O-O a6 6. Bxc6 dxc6 7. e5 Nd5 8.
h3 Bf5 9. Re1 Nxc3 10. dxc3 Rd8 11. Qe2 e6 1/2-1/2

[Event "Interclubs Adultes"]
[Site "BELFORT"]
[Date "16.??.??"]
[Round "9.3"]
[White "Kurmann, Oliver"]
[Black "Sermier, Guillaume"]
[Result "1/2-1/2"]
[WhiteElo "2389"]
[BlackElo "2366"]
[PlyCount "80"]
[EventDate "16.??.??"]
[WhiteTeam "Mulhouse II"]
[BlackTeam "Besançon T.P.G."]

1. e4 e6 2. d4 d5 3. Nd2 c5 4. exd5 Qxd5 5. Ngf3 cxd4 6. Bc4 Qd6 7. O-O Nf6 8.
Nb3 Nc6 9. Nbxd4 Nxd4 10. Nxd4 a6 11. Bb3 Qc7 12. Qf3 Bd6 13. Kh1 Bd7 14. Bg5
Be5 15. c3 Bxd4 16. cxd4 Bc6 17. Qh3 Qd7 18. Bxf6 gxf6 19. Qh4 O-O-O 20. Qxf6
Rhg8 21. f3 Rg6 22. Qf4 Qxd4 23. Qxd4 Rxd4 24. Rad1 Rxd1 25. Rxd1 Rg5 26. h3 a5
27. Rd2 Kc7 28. a3 a4 29. Bc2 h6 30. Kh2 b5 31. h4 Rg8 32. Rd3 f5 33. b3 axb3
34. Rxb3 Rd8 35. Bd3 Rd4 36. Bxb5 Bxb5 37. Rxb5 Rxh4+ 38. Kg3 Ra4 39. Rb1 Rxa3
40. Rh1 Kd6 1/2-1/2

[Event "Interclubs Adultes"]
[Site "BELFORT"]
[Date "16.??.??"]
[Round "9.4"]
[White "Claverie, Christophe"]
[Black "Heimann, Andreas"]
[Result "0-1"]
[WhiteElo "2324"]
[BlackElo "2403"]
[PlyCount "84"]
[EventDate "16.??.??"]
[WhiteTeam "Besançon T.P.G."]
[BlackTeam "Mulhouse II"]

1. d4 Nf6 2. Bg5 d5 3. Bxf6 exf6 4. e3 Bd6 5. c4 dxc4 6. Bxc4 O-O 7. Nc3 f5 8.
Nf3 Nd7 9. Qc2 Nf6 10. h3 g6 11. a3 c6 12. Rd1 b5 13. Bd3 a6 14. O-O Be6 15. e4
fxe4 16. Nxe4 Bd5 17. Nxf6+ Qxf6 18. Be4 Bxe4 19. Qxe4 Rfe8 20. Qc2 Rad8 21.
Rfe1 Kg7 22. Kf1 Bc7 23. Rxe8 Rxe8 24. d5 Rd8 25. dxc6 Rxd1+ 26. Qxd1 Qxb2 27.
Qd7 Bb6 28. Nd2 Qxa3 29. Ne4 Qa2 30. f3 Qc4+ 31. Ke1 Qc1+ 32. Ke2 Qe3+ 33. Kd1
Qg1+ 34. Kc2 Qxg2+ 35. Kb1 Qxf3 36. Qd5 Qf5 37. Qxf5 gxf5 38. Nc5 f4 39. Kc2 f3
40. Kd3 b4 41. Na4 f2 42. Ke2 b3 0-1

[Event "Interclubs Adultes"]
[Site "BELFORT"]
[Date "16.??.??"]
[Round "9.5"]
[White "Lerch, Patrice"]
[Black "Vesin, Jean-Robert"]
[Result "1/2-1/2"]
[WhiteElo "2300"]
[BlackElo "2269"]
[PlyCount "67"]
[EventDate "16.??.??"]
[WhiteTeam "Mulhouse II"]
[BlackTeam "Besançon T.P.G."]

1. e4 c5 2. Nc3 Nc6 3. g3 g6 4. Bg2 Bg7 5. d3 d6 6. Be3 e6 7. Qd2 Rb8 8. Nh3
Nge7 9. O-O O-O 10. Bh6 b5 11. Kh1 Nd4 12. Nd1 e5 13. Bxg7 Kxg7 14. Ne3 d5 15.
f4 dxe4 16. dxe4 exf4 17. Nxf4 Ne6 18. Ned5 Nxd5 19. Nxe6+ Bxe6 20. exd5 Kg8
21. Rf4 Qd6 22. Rh4 Rfd8 23. Qh6 Bxd5 24. Qxh7+ Kf8 25. Rf1 Bxg2+ 26. Kxg2 Qe6
27. Qh6+ Ke8 28. Qg5 Rd5 29. Qf4 Rbd8 30. Rh8+ Ke7 31. Rxd8 Kxd8 32. Qb8+ Ke7
33. Qxa7+ Kf8 34. Qb8+ 1/2-1/2

[Event "Interclubs Adultes"]
[Site "BELFORT"]
[Date "16.??.??"]
[Round "9.6"]
[White "Burnier, David"]
[Black "Fargere, Francois"]
[Result "1/2-1/2"]
[WhiteElo "2304"]
[BlackElo "2324"]
[PlyCount "93"]
[EventDate "16.??.??"]
[WhiteTeam "Besançon T.P.G."]
[BlackTeam "Mulhouse II"]

1. d4 d5 2. c4 c6 3. Nc3 Nf6 4. Nf3 e6 5. Bg5 Nbd7 6. e3 Qa5 7. cxd5 Nxd5 8.
Qd2 Bb4 9. Rc1 c5 10. a3 Bxc3 11. bxc3 b6 12. Bd3 Bb7 13. O-O N5f6 14. Qe2 O-O
15. e4 c4 16. Bb1 h6 17. Bh4 Qh5 18. Rfe1 Rfc8 19. h3 Nh7 20. Bg3 Ng5 21. Nd2
Qxe2 22. Rxe2 f6 23. f4 Nf7 24. Nf1 Nd6 25. e5 fxe5 26. fxe5 Nb5 27. a4 Nc7 28.
Nd2 Bd5 29. Ne4 b5 30. a5 Nb8 31. Bh4 Nc6 32. g4 b4 33. cxb4 Nb5 34. Bf2 Nbxd4
35. Bxd4 Nxd4 36. Re3 Rcb8 37. Rd1 Nc6 38. Nc3 Nxb4 39. Be4 Rd8 40. Rb1 Rab8
41. Ree1 Bxe4 42. Rxe4 Rdc8 43. Rd4 Nc6 44. Rxc4 Nxa5 45. Rxb8 Rxb8 46. Rc7 Rb7
47. Rc8+ 1/2-1/2

[Event "Interclubs Adultes"]
[Site "BELFORT"]
[Date "16.??.??"]
[Round "9.7"]
[White "Leburgue, Sylvain"]
[Black "Minet, Steve"]
[Result "0-1"]
[WhiteElo "2231"]
[BlackElo "2152"]
[PlyCount "82"]
[EventDate "16.??.??"]
[WhiteTeam "Mulhouse II"]
[BlackTeam "Besançon T.P.G."]

1. e4 e6 2. d4 b6 3. Nf3 Bb7 4. Bd3 c5 5. O-O Nf6 6. Nc3 cxd4 7. Nxd4 Bb4 8. e5
Bxc3 9. bxc3 Nd5 10. Qg4 Kf8 11. Ba3+ Kg8 12. c4 Ne7 13. Nb5 Nbc6 14. Nd6 Ba6
15. Qf4 Qf8 16. Qg3 f5 17. f4 h6 18. h4 Kh7 19. Qe3 g6 20. Rab1 Qg7 21. Kf2
Rab8 22. Rg1 h5 23. Rgd1 Rhd8 24. Kg1 Ng8 25. c5 Bxd3 26. Rxd3 Nh6 27. Rdb3 Ng4
28. Qc3 Ne7 29. cxb6 Nd5 30. Qd4 axb6 31. c4 Ne7 32. Rxb6 Nc6 33. Qc3 Ra8 34.
Bb2 Rxa2 35. Ra1 Rxa1+ 36. Bxa1 Qe7 37. g3 Rb8 38. Rxb8 Nxb8 39. Qb4 Qd8 40.
Nf7 Nc6 41. Ng5+ Qxg5 0-1

[Event "Interclubs Adultes"]
[Site "BELFORT"]
[Date "16.??.??"]
[Round "9.8"]
[White "Lamotte, Gaelle"]
[Black "Richard, Emma"]
[Result "0-1"]
[WhiteElo "1915"]
[BlackElo "1955"]
[PlyCount "92"]
[EventDate "16.??.??"]
[WhiteTeam "Besançon T.P.G."]
[BlackTeam "Mulhouse II"]

1. e4 c5 2. Nc3 Nc6 3. g3 g6 4. Bg2 Bg7 5. d3 Rb8 6. Be3 b5 7. Qd2 d6 8. Nf3
Nd4 9. Nd1 b4 10. O-O h5 11. Nh4 Bf6 12. c3 bxc3 13. bxc3 Nc6 14. Bg5 Bg7 15.
f4 Nh6 16. Ne3 Ng4 17. Nxg4 hxg4 18. f5 Ne5 19. fxg6 fxg6 20. Kh1 Ba6 21. d4
cxd4 22. cxd4 Bxf1 23. Rxf1 Nf3 24. Bxf3 gxf3 25. Rxf3 Rb1+ 26. Kg2 Qb6 27. Rb3
Rxb3 28. axb3 Bxd4 29. Nxg6 Rh7 30. h4 Rf7 31. Kh3 e5 32. Qd1 Qb7 33. Qh5 Qc8+
34. Qg4 Qxg4+ 35. Kxg4 Rb7 36. h5 Kf7 37. Kf5 Rxb3 38. h6 Rf3+ 39. Kg4 Rxg3+
40. Kxg3 Kxg6 41. Bc1 a5 42. Kf3 a4 43. Ke2 Bc5 44. Kd3 a3 45. Kc2 a2 46. Kb2
Ba3+ 0-1

[Event "Interclubs Adultes"]
[Site "BELFORT"]
[Date "16.??.??"]
[Round "9.1"]
[White "Shirazi, Kamran"]
[Black "Dunis, Aurelien"]
[Result "0-1"]
[WhiteElo "2422"]
[BlackElo "2508"]
[PlyCount "132"]
[EventDate "16.??.??"]
[WhiteTeam "Lutèce Echecs"]
[BlackTeam "Grasse"]

1. e4 c5 2. Nf3 d6 3. e5 e6 4. exd6 Qxd6 5. Na3 Nc6 6. d4 Nf6 7. Nb5 Qd7 8. Ne5
Nxe5 9. dxe5 Nd5 10. c4 Nc7 11. Nd6+ Bxd6 12. exd6 Na6 13. Be3 b6 14. Qg4 O-O
15. O-O-O Nb4 16. a3 Nc6 17. f4 Ba6 18. Bd3 f5 19. Qe2 e5 20. fxe5 Nxe5 21. Bg5
Nc6 22. g4 Rae8 23. Qf2 fxg4 24. Qh4 h6 25. Rhg1 Ne5 26. Be7 Rf7 27. Bc2 Bxc4
28. Qh5 Rfxe7 29. dxe7 Qxe7 30. Rge1 Bf7 31. Qf5 g6 32. Qf4 Qg5 33. Qxg5 hxg5
34. Re4 Kg7 35. Rd6 Nf3 36. Rxg4 Re1+ 37. Rd1 Re2 38. h3 Nd4 39. Bd3 Re3 40.
Rxg5 Rxh3 41. Rgg1 Nf3 42. Rh1 Rg3 43. Ba6 Nd4 44. Rdg1 Rf3 45. Rf1 Bd5 46.
Rxf3 Bxf3 47. Rg1 Kf6 48. Kd2 g5 49. b4 g4 50. bxc5 bxc5 51. Ke3 Ke5 52. Bc8
Ne2 53. Re1 Nf4 54. Rg1 Nd5+ 55. Kd2 Kf4 56. Bxg4 Bxg4 57. Rc1 Nf6 58. Rc4+
Ne4+ 59. Kd3 Bf5 60. Rxe4+ Bxe4+ 61. Kc4 Ke3 62. a4 Kd2 63. a5 a6 64. Kxc5 Kc3
65. Kd6 Kb4 66. Ke5 Kxa5 0-1

[Event "Interclubs Adultes"]
[Site "BELFORT"]
[Date "16.??.??"]
[Round "9.2"]
[White "Colovic, Aleksandar"]
[Black "San Emeterio Cabanes, Jose L"]
[Result "1/2-1/2"]
[WhiteElo "2493"]
[BlackElo "2383"]
[PlyCount "57"]
[EventDate "16.??.??"]
[WhiteTeam "Grasse"]
[BlackTeam "Lutèce Echecs"]

1. d4 Nf6 2. Nf3 g6 3. Bg5 Bg7 4. c3 d6 5. Nbd2 Nbd7 6. e4 e5 7. dxe5 dxe5 8.
Bc4 Qe7 9. O-O O-O 10. b4 h6 11. Bh4 Rd8 12. Qc2 Nf8 13. Rfe1 N8h7 14. Bb3 Bg4
15. h3 Bxf3 16. Nxf3 Rd7 17. Rad1 Rad8 18. Rxd7 Rxd7 19. Nd2 Ng5 20. Nc4 Nh5
21. Re3 Nf4 22. Bg3 h5 23. f3 Nge6 24. Nb2 Qg5 25. Bxe6 Nxe6 26. Qf2 Qh6 27.
Rd3 Rxd3 28. Nxd3 f6 29. Kh2 1/2-1/2

[Event "Interclubs Adultes"]
[Site "BELFORT"]
[Date "16.??.??"]
[Round "9.3"]
[White "Babault, Patrice"]
[Black "Dobrev, Nanko"]
[Result "1-0"]
[WhiteElo "2320"]
[BlackElo "2427"]
[PlyCount "99"]
[EventDate "16.??.??"]
[WhiteTeam "Lutèce Echecs"]
[BlackTeam "Grasse"]

1. e4 e5 2. Nf3 Nc6 3. Bb5 a6 4. Ba4 Nf6 5. O-O Be7 6. Re1 b5 7. Bb3 d6 8. c3
Na5 9. Bc2 c5 10. d4 Qc7 11. h3 O-O 12. Nbd2 cxd4 13. cxd4 Be6 14. d5 Bd7 15.
Nf1 Nh5 16. Bd3 g6 17. Bh6 Rfc8 18. Ne3 Qd8 19. Qd2 Qb6 20. Rec1 b4 21. b3
Rxc1+ 22. Rxc1 Rc8 23. Rxc8+ Bxc8 24. Nc2 Nb7 25. Qxb4 Qxb4 26. Nxb4 Nc5 27.
Bc2 f5 28. exf5 gxf5 29. Nc6 Bf6 30. b4 Nb7 31. Bg5 Kf8 32. Bb3 Ke8 33. Bd2 Nd8
34. Ng5 h6 35. Nf3 Bg7 36. Bc4 Nxc6 37. dxc6 e4 38. Nh4 f4 39. Be2 f3 40. gxf3
Nf6 41. Bc3 exf3 42. Nxf3 Kd8 43. a4 Nh5 44. Bxg7 Nxg7 45. Nd4 Kc7 46. Bg4 Bxg4
47. hxg4 d5 48. f4 h5 49. g5 Kd6 50. f5 1-0

[Event "Interclubs Adultes"]
[Site "BELFORT"]
[Date "16.??.??"]
[Round "9.4"]
[White "Andonov, Bogomil"]
[Black "Lamorelle, Yves"]
[Result "1/2-1/2"]
[WhiteElo "2333"]
[BlackElo "2235"]
[PlyCount "98"]
[EventDate "16.??.??"]
[WhiteTeam "Grasse"]
[BlackTeam "Lutèce Echecs"]

1. Nf3 Nf6 2. c4 g6 3. Nc3 Bg7 4. e4 O-O 5. d4 d6 6. h3 e5 7. dxe5 dxe5 8. Be3
Nbd7 9. c5 Qe7 10. Rc1 Rd8 11. Qc2 Nf8 12. Bc4 Be6 13. Nxe5 Nxe4 14. Nxg6 Nxg6
15. Qxe4 Bxc4 16. Qxc4 Ne5 17. Qe4 Nd3+ 18. Ke2 Nxc1+ 19. Rxc1 Qxe4 20. Nxe4
Re8 21. Kf3 Rad8 22. g4 Be5 23. Rc4 Rd1 24. g5 Kg7 25. Ra4 Rh1 26. Rxa7 Rxh3+
27. Kg4 Rh2 28. Rxb7 Kg6 29. Ng3 Ra8 30. a3 Ra4+ 31. Rb4 Rxb4+ 32. axb4 c6 33.
b5 cxb5 34. b4 Bxg3 35. Kxg3 Rh1 36. c6 Ra1 37. c7 Ra8 38. Bb6 f6 39. gxf6 Kxf6
40. Kg4 Ke6 41. Kh5 Kd7 42. Kh6 Rf8 43. Kxh7 Rf4 44. Bc5 Rc4 45. Kg6 Kxc7 46.
Kf5 Kc6 47. f4 Kd5 48. Kg5 Rxc5 49. bxc5 b4 1/2-1/2

[Event "Interclubs Adultes"]
[Site "BELFORT"]
[Date "16.??.??"]
[Round "9.5"]
[White "Carpentier, Pierre"]
[Black "Abravanel, Chely"]
[Result "0-1"]
[WhiteElo "2193"]
[BlackElo "2329"]
[PlyCount "68"]
[EventDate "16.??.??"]
[WhiteTeam "Lutèce Echecs"]
[BlackTeam "Grasse"]

1. e4 c6 2. d4 d5 3. e5 Bf5 4. Nf3 e6 5. c4 Ne7 6. Nc3 Nd7 7. Qb3 Qb6 8. c5 Qc7
9. g3 f6 10. exf6 gxf6 11. Bg2 e5 12. Be3 Bg6 13. O-O Nf5 14. dxe5 fxe5 15. Ng5
Ng7 16. Nxd5 cxd5 17. Bxd5 O-O-O 18. Rfc1 Nf6 19. c6 b6 20. Ne6 Nxe6 21. Bxe6+
Kb8 22. a4 Rd3 23. Qb5 Rxe3 24. fxe3 a5 25. Rc3 Ne4 26. Rd1 Nxc3 27. bxc3 Be8
28. Bd7 Bh5 29. g4 Rg8 30. Qc4 Rg7 31. Kh1 Bg6 32. Be6 Be8 33. Bd5 Bc5 34. Qe4
h5 0-1

[Event "Interclubs Adultes"]
[Site "BELFORT"]
[Date "16.??.??"]
[Round "9.6"]
[White "Garbarino, Xavier"]
[Black "Maleki, Nicolas"]
[Result "0-1"]
[WhiteElo "2260"]
[BlackElo "2193"]
[PlyCount "128"]
[EventDate "16.??.??"]
[WhiteTeam "Grasse"]
[BlackTeam "Lutèce Echecs"]

1. d4 d5 2. Nc3 Nf6 3. Bg5 Nbd7 4. Nf3 e6 5. e4 h6 6. Bh4 g5 7. Bg3 Nxe4 8.
Nxe4 dxe4 9. Nd2 Bg7 10. c3 f5 11. h4 f4 12. Bh2 Nf6 13. Bc4 Qd6 14. Qe2 Bd7
15. Nxe4 Nxe4 16. Qxe4 O-O-O 17. O-O-O e5 18. dxe5 Qxe5 19. Qxe5 Bxe5 20. Rhe1
Bd6 21. f3 gxh4 22. Bf1 Bc6 23. Bc4 Rde8 24. Bf7 Rxe1 25. Rxe1 Rf8 26. Be6+ Bd7
27. Kc2 Bxe6 28. Rxe6 Rg8 29. Re2 Rg5 30. Kd3 h3 31. gxh3 Rh5 32. Rg2 Rxh3 33.
Ke4 Rh4 34. b4 Kd7 35. a4 a6 36. Rg7+ Ke6 37. Rg6+ Kf7 38. Rg2 b5 39. a5 Kf6
40. Bg1 Rh1 41. Bd4+ Ke6 42. Rg6+ Kd7 43. Kf5 Rh5+ 44. Ke4 Kc6 45. Bg7 Rh1 46.
Rxh6 Re1+ 47. Kf5 Re3 48. Kg4 Kd5 49. Rh8 Re1 50. Kf5 Rf1 51. Ra8 Rxf3 52. Rxa6
Rg3 53. Bd4 f3 54. Ra8 f2 55. Bxf2 Rf3+ 56. Kg4 Rxf2 57. a6 Ra2 58. Kf3 Kc4 59.
Ke4 Kxc3 60. Kd5 Kxb4 61. Kc6 Kc4 62. Kb7 Bc5 63. Rg8 b4 64. Rg4+ Bd4 0-1

[Event "Interclubs Adultes"]
[Site "BELFORT"]
[Date "16.??.??"]
[Round "9.7"]
[White "Wunderman, Xavier"]
[Black "Forestier, Flavien"]
[Result "1-0"]
[WhiteElo "2136"]
[BlackElo "2175"]
[PlyCount "91"]
[EventDate "16.??.??"]
[WhiteTeam "Lutèce Echecs"]
[BlackTeam "Grasse"]

1. e4 e6 2. d3 d5 3. Nd2 Nf6 4. g3 dxe4 5. dxe4 Nc6 6. Bg2 Bc5 7. Ngf3 e5 8.
O-O O-O 9. c3 a5 10. Qc2 b6 11. Nc4 Qe7 12. Ne3 Bxe3 13. Bxe3 Ba6 14. Rfd1 Rad8
15. Nh4 Ng4 16. Nf5 Qf6 17. Bc1 g6 18. Nh6+ Nxh6 19. Bxh6 Rfe8 20. h4 Qe7 21.
Rd5 Bc4 22. Rxd8 Rxd8 23. Rd1 Rxd1+ 24. Qxd1 Bxa2 25. Qa4 Qe6 26. Bh3 f5 27.
exf5 gxf5 28. Bxf5 Qxh6 29. Qxa2+ Kg7 30. Qc4 Qd6 31. Qg4+ Kh8 32. Qh5 Qe7 33.
Kh2 Nd8 34. Be4 Kg8 35. Bxh7+ Qxh7 36. Qe8+ Kg7 37. Qxd8 Qe4 38. Qxc7+ Kg8 39.
Qxb6 a4 40. h5 Qe2 41. Qg6+ Kf8 42. Qf6+ Ke8 43. h6 Qh5+ 44. Kg2 e4 45. Qf4 Kd8
46. Qh4+ 1-0

[Event "Interclubs Adultes"]
[Site "BELFORT"]
[Date "16.??.??"]
[Round "9.8"]
[White "Forestier, Carole"]
[Black "Dacalor, Aurelie"]
[Result "1-0"]
[WhiteElo "1999"]
[BlackElo "2033"]
[PlyCount "77"]
[EventDate "16.??.??"]
[WhiteTeam "Grasse"]
[BlackTeam "Lutèce Echecs"]

1. d4 Nf6 2. c4 d6 3. Nc3 Bf5 4. Nf3 Nbd7 5. Bg5 h6 6. Bh4 c6 7. e3 e5 8. Be2
Be7 9. O-O g5 10. Bg3 e4 11. Nd2 h5 12. f3 h4 13. Be1 exf3 14. Nxf3 Ng4 15. Bd2
Nh6 16. e4 Bg6 17. Qc1 f6 18. Nxh4 Bf7 19. Nf5 Nxf5 20. Rxf5 Bg6 21. Rf2 Qc7
22. g3 O-O-O 23. b4 Qb6 24. c5 Qc7 25. Qa3 dxc5 26. bxc5 Qb8 27. Rb1 b5 28.
Qa6+ Qb7 29. Qxb7+ Kxb7 30. Be3 Kc7 31. Bxb5 cxb5 32. Nd5+ Kb8 33. Rxb5+ Nb6
34. Nxe7 Bxe4 35. cxb6 Rhe8 36. bxa7+ Kxa7 37. d5+ Ka8 38. Ra5+ Kb7 39. Ra7+
1-0

[Event "Interclubs Adultes"]
[Site "BELFORT"]
[Date "16.??.??"]
[Round "9.1"]
[White "Istratescu, Andrei"]
[Black "Sanchez, Joseph"]
[Result "1-0"]
[WhiteElo "2617"]
[BlackElo "2492"]
[PlyCount "97"]
[EventDate "16.??.??"]
[WhiteTeam "Belfort"]
[BlackTeam "Cannes II"]

1. e4 c5 2. Nf3 Nc6 3. d4 cxd4 4. Nxd4 Nf6 5. Nc3 e5 6. Ndb5 d6 7. Bg5 a6 8.
Bxf6 gxf6 9. Na3 f5 10. Bd3 Bg7 11. Qh5 b5 12. Nd5 Ne7 13. Qg5 Nxd5 14. Qxg7
Qf6 15. Qxf6 Nxf6 16. exf5 e4 17. Be2 Bxf5 18. c3 O-O 19. Nc2 Rab8 20. O-O-O
Rb6 21. f3 Be6 22. Kb1 Rc8 23. fxe4 Nxe4 24. Rd4 d5 25. Ne3 Rc5 26. Rhd1 Nf6
27. Bf3 Rd6 28. R1d3 Kf8 29. b3 Rc8 30. Kb2 Rcd8 31. Rd1 Ke7 32. Re1 Kf8 33.
Rf4 Nd7 34. Nc2 Nc5 35. Re3 Bc8 36. Bh5 Be6 37. Nd4 R8d7 38. b4 Na4+ 39. Kc2
Re7 40. Nxe6+ Rdxe6 41. Rxe6 Rxe6 42. Bxf7 Re3 43. Bxd5+ Kg7 44. Rf3 Re2+ 45.
Kd3 Re1 46. Bb3 Nb2+ 47. Kd4 Re2 48. Kc5 Rxg2 49. Rg3+ 1-0

[Event "Interclubs Adultes"]
[Site "BELFORT"]
[Date "16.??.??"]
[Round "9.2"]
[White "Canneva, Florian"]
[Black "Szabo, Gergely-Andras-Gyula"]
[Result "0-1"]
[WhiteElo "2100"]
[BlackElo "2509"]
[PlyCount "56"]
[EventDate "16.??.??"]
[WhiteTeam "Cannes II"]
[BlackTeam "Belfort"]

1. e4 c5 2. Nf3 d6 3. d4 cxd4 4. Nxd4 Nf6 5. Nc3 e6 6. Bg5 Be7 7. f4 h6 8. Bxf6
Bxf6 9. Ndb5 Be7 10. Qd4 O-O 11. O-O-O Nc6 12. Qd2 Qa5 13. Nxd6 Rd8 14. e5 Nxe5
15. Qe1 Rxd6 16. fxe5 Bg5+ 17. Kb1 Rxd1+ 18. Qxd1 Qxe5 19. h4 Bf6 20. g4 Bd7
21. g5 Bc6 22. Rg1 hxg5 23. hxg5 Bxg5 24. Bd3 Bf6 25. Qg4 Qd4 26. Qh3 Rd8 27.
a3 Qe5 28. Qh4 Kf8 0-1

[Event "Interclubs Adultes"]
[Site "BELFORT"]
[Date "16.??.??"]
[Round "9.3"]
[White "Monsieux, Cyril"]
[Black "Delabaca, Romuald"]
[Result "1/2-1/2"]
[WhiteElo "2338"]
[BlackElo "2173"]
[PlyCount "32"]
[EventDate "16.??.??"]
[WhiteTeam "Belfort"]
[BlackTeam "Cannes II"]

1. e4 c5 2. Nf3 Nc6 3. d4 cxd4 4. Nxd4 g6 5. c4 Nf6 6. Nc3 d6 7. Be2 Nxd4 8.
Qxd4 Bg7 9. Be3 O-O 10. Qd2 a5 11. O-O a4 12. f3 Qa5 13. Rac1 Be6 14. Nb5 Qxd2
15. Bxd2 Rfc8 16. Bg5 Kf8 1/2-1/2

[Event "Interclubs Adultes"]
[Site "BELFORT"]
[Date "16.??.??"]
[Round "9.4"]
[White "Rosner, Jonas"]
[Black "Butunoi, Alexandru"]
[Result "1-0"]
[WhiteElo "2135"]
[BlackElo "2395"]
[PlyCount "111"]
[EventDate "16.??.??"]
[WhiteTeam "Cannes II"]
[BlackTeam "Belfort"]

1. e4 g6 2. d4 Bg7 3. Nc3 c6 4. Be3 Qb6 5. Rb1 d6 6. Qd2 Nd7 7. f4 Qc7 8. Nf3
b5 9. a3 Bb7 10. e5 a6 11. Bd3 Nh6 12. O-O c5 13. d5 c4 14. Be4 Nc5 15. Bxc5
Qxc5+ 16. Kh1 O-O 17. h3 Rad8 18. Rbd1 Bc8 19. Rfe1 Qc7 20. Qe3 Rfe8 21. Nd4
Bb7 22. Bf3 Nf5 23. Nxf5 gxf5 24. e6 fxe6 25. Qxe6+ Kh8 26. Qxf5 Rf8 27. Qh5
Rf6 28. Qh4 Rdf8 29. Re4 R6f7 30. Bh5 Bf6 31. Qf2 Rg7 32. Bg4 Bc8 33. Be6 Qb7
34. Rde1 Bxe6 35. Rxe6 a5 36. Qf3 b4 37. axb4 axb4 38. Nd1 Rfg8 39. g4 Rf8 40.
Qe4 Bh4 41. Rf1 c3 42. b3 Qb5 43. Ne3 Rgf7 44. Rh6 Bf6 45. Kg2 Qe2+ 46. Kg3 Rg7
47. Qf3 Qb5 48. Nf5 Rg6 49. Rf2 Qc5 50. Qe4 Rxh6 51. Nxh6 Bh4+ 52. Kxh4 Qxf2+
53. Kg5 Qd2 54. Nf5 Rf7 55. Qe6 Rf6 56. Qc8+ 1-0

[Event "Interclubs Adultes"]
[Site "BELFORT"]
[Date "16.??.??"]
[Round "9.5"]
[White "Monsieux, Sebastien"]
[Black "Kerbrat, Julien"]
[Result "0-1"]
[WhiteElo "2106"]
[BlackElo "2193"]
[PlyCount "72"]
[EventDate "16.??.??"]
[WhiteTeam "Belfort"]
[BlackTeam "Cannes II"]

1. d4 Nf6 2. c4 c5 3. d5 b5 4. cxb5 a6 5. bxa6 g6 6. Nc3 Bxa6 7. f4 d6 8. Nf3
Bg7 9. e4 Bxf1 10. Rxf1 O-O 11. Kf2 Na6 12. Kg1 Nc7 13. Qc2 Ra7 14. Rd1 Qa8 15.
Nd2 Rb8 16. Nc4 h5 17. h3 Qb7 18. Qd3 Nd7 19. b3 Na6 20. Bb2 Nb4 21. Qg3 Nc2
22. Rac1 Nd4 23. Kh1 Nf6 24. Re1 Kh7 25. Rcd1 Ne8 26. f5 Raa8 27. fxg6+ fxg6
28. Na4 Qb5 29. Nc3 Qd7 30. Rf1 Nf6 31. e5 Nf5 32. Qd3 dxe5 33. Nxe5 Qc8 34.
Ne2 Qa6 35. Qc2 Qxe2 36. Qxe2 Ng3+ 0-1

[Event "Interclubs Adultes"]
[Site "BELFORT"]
[Date "16.??.??"]
[Round "9.6"]
[White "Marino, Olivier"]
[Black "Dikant, Christophe"]
[Result "1-0"]
[WhiteElo "2118"]
[BlackElo "2110"]
[PlyCount "43"]
[EventDate "16.??.??"]
[WhiteTeam "Cannes II"]
[BlackTeam "Belfort"]

1. e4 g6 2. d4 Bg7 3. Nc3 c6 4. Nf3 d5 5. h3 Nf6 6. Bd3 dxe4 7. Nxe4 Nxe4 8.
Bxe4 Nd7 9. O-O O-O 10. Bg5 Re8 11. c3 Qb6 12. Qd2 e5 13. Rae1 exd4 14. Qf4 Ne5
15. Bxg6 hxg6 16. Nxe5 Be6 17. cxd4 Bxa2 18. Re3 Bd5 19. Bf6 Bxf6 20. Nd7 g5
21. Nxf6+ Kf8 22. Nd7+ 1-0

[Event "Interclubs Adultes"]
[Site "BELFORT"]
[Date "16.??.??"]
[Round "9.7"]
[White "Tachikart, Yassin"]
[Black "Zermiche, Cherif"]
[Result "0-1"]
[WhiteElo "2098"]
[BlackElo "2159"]
[PlyCount "50"]
[EventDate "16.??.??"]
[WhiteTeam "Belfort"]
[BlackTeam "Cannes II"]

1. d4 Nf6 2. c4 c5 3. d5 b5 4. Nf3 g6 5. Qc2 Bg7 6. e4 d6 7. h3 O-O 8. Bf4 Nxe4
9. cxb5 Qa5+ 10. Nbd2 Nf6 11. Bc4 a6 12. bxa6 Bxa6 13. O-O Nbd7 14. a3 Bb7 15.
Rfe1 Rfe8 16. Qd3 Nb6 17. Bb5 Ba6 18. Bxa6 Qxa6 19. Qc2 Qa4 20. Qxa4 Nxa4 21.
Nc4 Nxd5 22. Bg5 Nxb2 23. Nxb2 Bxb2 24. Rad1 e6 25. a4 c4 0-1

[Event "Interclubs Adultes"]
[Site "BELFORT"]
[Date "16.??.??"]
[Round "9.8"]
[White "Verot, Melanie"]
[Black "Cechetto, Lea"]
[Result "1-0"]
[WhiteElo "2115"]
[BlackElo "1732"]
[PlyCount "47"]
[EventDate "16.??.??"]
[WhiteTeam "Cannes II"]
[BlackTeam "Belfort"]

1. d4 d5 2. c4 e6 3. Nc3 Nf6 4. Bg5 Be7 5. e3 O-O 6. Bd3 dxc4 7. Bxc4 Nbd7 8.
Nf3 b6 9. O-O Bb7 10. Qe2 c5 11. Rfd1 Rc8 12. Ne5 Bd5 13. Ba6 Ra8 14. e4 Nxe4
15. Nxe4 cxd4 16. Bxe7 Qxe7 17. Nxd7 Qxd7 18. Rxd4 Qc6 19. Bc4 Rfe8 20. Nd6
Bxc4 21. Qxc4 b5 22. Qd3 Qb6 23. Nxe8 Rxe8 24. Rd1 1-0